Normal view
MARC view
- علم النفس الفردي-الشخصية
Entry Topical Term
001 - CONTROL NUMBER
- control field: 9707
003 - CONTROL NUMBER IDENTIFIER
- control field: JO-AjAnu
005 - DATE AND TIME OF LATEST TRANSACTION
- control field: 20230606071848.0
008 - FIXED-LENGTH DATA ELEMENTS
- fixed length control field: 230606|| aca||aabn | a|a d
040 ## - CATALOGING SOURCE
- Original cataloging agency: JO-AjAnu
- Transcribing agency: JO-AjAnu
150 ## - HEADING--TOPICAL TERM
- Topical term or geographic name entry element: علم النفس الفردي-الشخصية
670 ## - SOURCE DATA FOUND
- Source citation: Work cat.: (JO-AjAnu)5005: الدروبي،طه كاسب/اعداد, author 9706, كيف تحلل شخصية جليسك:إقرأ ما يدور في ذهن جليسك من إيماءاته